000 00732nam a2200265Ia 4500
003 OSt
005 20220925220045.0
006 a|||||r|||| 00| 0
007 ta
008 220923b |||||||| |||| 00| 0 eng d
020 _a0582262550
037 _cGeneral Book
040 _aRTL
_cRTL
_beng
041 _2eng
_aeng
082 _aX:51, N6
100 _aO'Sullivan Terry
_9284101
245 0 _aMarketing
260 _aLondon
_bLongman
_c1996
300 _ax, 415p
_ccm.
490 _aLongman Modular Texts in Business and Economics
650 _aMarketing
_915998
700 _a Hill Elizabeth
_9284102
942 _hX:51, N6
_cGB
_2CC
999 _c570430
_d570430